[Event "IECC CL4-2001.12"]
[Site "IECC email"]
[Date "2001.04.20"]
[Round "?"]
[White "McIntosh, Adron"]
[Black "Takeuchi, Toshihiko"]
[Result "1-0"]
[WhiteElo "1680"]
[BlackElo "1557"]
[PlyCount "61"]
[EventDate "2001.??.??"]
[EventType "tourn (corr)"]
[EventRounds "4"]
[SourceTitle "Corr 2008"]
[Source "ChessBase"]
[SourceDate "2008.06.24"]
[SourceVersion "1"]
[SourceVersionDate "2008.06.24"]
[SourceQuality "1"]

1. e4 c5 2. Nf3 d6 3. d4 cxd4 4. Nxd4 Nf6 5. Nc3 g6 6. Be3 Bg7 7. f3 Nc6 8. Qd2 0-0 9. Bc4 Bd7 10. h4 Ne5 11. Bb3 Rc8 12. 0-0-0 h5 13. Kb1 Nc4 14. Bxc4 Rxc4 15. Nde2 b5 16. Bh6 b4 17. Bxg7 Kxg7 18. Nd5 Nxd5 19. Qxd5 Be6 20. Qd3 Qa5 21. Rd2 Rxe4 22. Nc1 Rc4 23. Nb3 Qb6 24. Nd4 Rfc8 25. Nxe6+ fxe6 26. Re1 Rxh4 27. Rxe6 Rh1+ 28. Rd1 Rxd1+ 29. Qxd1 Kf7 30. Qd5 Qg1+ 31. Re1+ 1-0

[Event "IECC CL5-1998.23"]
[Site "IECC email"]
[Date "1998.10.24"]
[Round "?"]
[White "McIntosh, Adron"]
[Black "Tremblay, Denis"]
[Result "1-0"]
[WhiteElo "1541"]
[BlackElo "1649"]
[PlyCount "121"]
[EventDate "1998.??.??"]
[EventType "tourn (corr)"]
[EventRounds "4"]
[SourceTitle "Corr 2008"]
[Source "ChessBase"]
[SourceDate "2008.06.24"]
[SourceVersion "1"]
[SourceVersionDate "2008.06.24"]
[SourceQuality "1"]

1. e4 c5 2. Nf3 d6 3. d4 cxd4 4. Nxd4 Nf6 5. Nc3 g6 6. Be3 Bg7 7. f3 0-0 8. Qd2 e5 9. Ndb5 Nc6 10. 0-0-0 Be6 11. Qxd6 Qa5 12. Qc7 Qxc7 13. Nxc7 Rad8 14. Nxe6 fxe6 15. Bc4 Nd4 16. Bxd4 exd4 17. Nb5 Bh6+ 18. Kb1 Kh8 19. Nxd4 e5 20. Ne6 Rxd1+ 21. Rxd1 Re8 22. Nd8 Re7 23. Nf7+ Kg7 24. Nxh6 Kxh6 25. g3 g5 26. g4 Kg6 27. Rd6 Rd7 28. Rxd7 Nxd7 29. Kc1 Nc5 30. Kd2 Kf6 31. b4 Nd7 32. a4 Ke7 33. a5 Nf6 34. Bd5 b6 35. axb6 axb6 36. Ke3 h5 37. h3 h4 38. c4 Kd6 39. Bf7 Nd7 40. Bg6 Nb8 41. b5 Nd7 42. Kd2 Nc5 43. Bf7 Nb3+ 44. Ke3 Kc5 45. Bd5 Nd4 46. Kf2 Nc2 47. f4 exf4 48. e5 Nd4 49. Bg8 Nb3 50. Kf3 Na5 51. Bd5 Nb3 52. Ke4 Nd2+ 53. Kd3 Nb3 54. Kc3 Na5 55. e6 Kd6 56. Kb4 f3 57. Bxf3 Nxc4 58. Kxc4 Kxe6 59. Kd4 Kd6 60. Bd5 Ke7 61. Ke5 1-0